| 000 | 00498nam a22001697a 4500 | ||
|---|---|---|---|
| 999 |
_c526054 _d526054 |
||
| 003 | NUST | ||
| 020 | _qH/B | ||
| 038 | _awaseem | ||
| 082 |
_a891.1401 _bHAB |
||
| 100 |
_aHabib Ul Rehman _917014 |
||
| 245 |
_aProf Afaq Siddiqui Aur Sindhi Adab / _cHabib Ul Rehman |
||
| 260 |
_aKarachi : _bPakistan Study Center, _c2000. |
||
| 300 | _a160 p. ; | ||
| 880 |
_6100-01\r _aحبیب الرحمن |
||
| 880 |
_6245-02\r _aپروفیسر آفاق صدیقی اور سندھی ادب / |
||
| 942 |
_2ddc _cBK |
||